Hodnotenie účinnosti CHVO vo vzťahu k ekológii krajiny

Chránená vodohospodárska oblasť (CHVO) ako územie, v ktorom sa z hľadiska tvorby a ochrany prírodného prostredia a ochrany vôd vytvára usmernený režim hospodárskej činnosti a jej rozvoja. V SR je vyhlásených 10 CHVO. Prehľad základných údajov CHVO v SR.

Gespeichert in:
Bibliographische Detailangaben
1. Verfasser: Elek, T.
Format: Buchkapitel
Sprache:Slowakisch
Schlagworte:
Tags: Tag hinzufügen
Keine Tags, Fügen Sie das erste Tag hinzu!

MARC

LEADER 00000naa a2200000 4500
001 r014314
005 20221205080831.6
041 0 |a slo 
044 |a SK 
245 1 0 |a Hodnotenie účinnosti CHVO vo vzťahu k ekológii krajiny  |c T. Elek 
520 |a Chránená vodohospodárska oblasť (CHVO) ako územie, v ktorom sa z hľadiska tvorby a ochrany prírodného prostredia a ochrany vôd vytvára usmernený režim hospodárskej činnosti a jej rozvoja. V SR je vyhlásených 10 CHVO. Prehľad základných údajov CHVO v SR. 
610 2 0 |a vodohospodárstvo 
610 2 0 |a regióny 
610 2 0 |a ochrana prírody 
610 2 0 |a ochrana prostredia životného 
610 2 0 |a Slovensko 
100 1 |a Elek, T.